tiêu chuẩn dinh dưỡng và công thức phối trộn thức ăn lợn

Zapisane w:
Opis bibliograficzny
1. autor: LÊ HỒNG MẬN
Format: Książka
Język:Undetermined
Wydane: Nông nghiệp 2001
Etykiety: Dodaj etykietę
Nie ma etykietki, Dołącz pierwszą etykiete!
Thư viện lưu trữ: Trung tâm Học liệu Trường Đại học Cần Thơ
LEADER 00495nam a2200145Ia 4500
001 CTU_48766
008 210402s9999 xx 000 0 und d
082 |a 636.4085 
082 |b M121 
100 |a LÊ HỒNG MẬN 
245 0 |a tiêu chuẩn dinh dưỡng và công thức phối trộn thức ăn lợn 
245 0 |c LÊ HỒNG MẬN, Bùi Đức Dũng 
260 |b Nông nghiệp 
260 |c 2001 
980 |a Trung tâm Học liệu Trường Đại học Cần Thơ